| 000 | 00839nam a2200229 a 4500 | ||
|---|---|---|---|
| 999 |
_c8059 _d8059 |
||
| 001 | 8059 | ||
| 003 | BD-JhCC | ||
| 005 | 20180218090347.0 | ||
| 008 | 180218s1978 bg a|||| ||a| 000 0 ben d | ||
| 035 | _a(BD-JhCC)8059 | ||
| 040 |
_aBD-JhCC _dBD-JhCC |
||
| 041 | _aben | ||
| 082 |
_a592 _bCHA 1978 |
||
| 100 | _aচক্রবর্তী, তপন | ||
| 245 |
_aব্যবহারিক প্রাণিবিজ্ঞান / _cতপন চক্রবর্তী এবং মিয়াঁ মুহম্মদ আব্দুল কুদ্দুস |
||
| 260 |
_aঢাকা : _bবাংলা একাডেমী, _c1978 |
||
| 300 |
_a338 p. : _c24 cm. |
||
| 650 | _aZoology | ||
| 700 | _aকুদ্দুস, মিয়াঁ মুহম্মদ আব্দুল | ||
| 942 |
_2ddc _cBK |
||